• 首页
  • 本馆介绍
  • 公告通知
  • 最新文献
  • 馆藏检索
  • 电子资源
  • 读者导购
  • 参考咨询
  • 我的图书馆
  • 登录
  • 详细信息显示
  • 放入我的书架
  • 预约/预借图书
  • 作者相关作品
  • 分类相关作品
  • 丛书相关作品
  • 出版社相关作品

书目信息

  • 表格格式
  • 工作单格式
  • 卡片格式
题名:
测绘管理与法律法规
    
 
作者: ;国家测绘地理信息局 , 测绘出版社 组织编写
分册:  
出版信息: 北京   测绘出版社  2009
页数: 362页
开本: 26cm
丛书名:
单 册:
中图分类: P205 , D922.174
科图分类:
主题词: 测绘--行政管理--中国--资格考试--教材 , 测绘法令--中国--资格考试--教材
电子资源:
ISBN: 978-7-5030-3938-6
000 01132nam0 2200289 45
001 012001000165
005 20191107171530.98
010    @a978-7-5030-3938-6@dCNY85.00
100    @a20181129d2016 em y0chiy50 ea
101 0  @achi
102    @aCN@b110000
105    @ay z 000yy
106    @ar
200 1  @a测绘管理与法律法规@Ace hui guan li yu fa lv fa gui@f国家测绘地理信息局职业技能鉴定指导中心,测绘出版社组织编写
205    @a4版
210    @a北京@c测绘出版社@d2009
215    @a362页@d26cm
300    @a注册测绘师资格考试辅导教材 2016版
330    @a本书为全国注册测绘师资格考试辅导教材之一,紧扣《注册测绘师资格考试大纲》,涵盖了大纲中“测绘管理与法律法规”科目的全部内容。具体内容分两篇,第一篇为测绘法律法规;第二篇为测绘项目管理。
606 0  @a测绘@x行政管理@y中国@x资格考试@j教材
606 0  @a测绘法令@y中国@x资格考试@j教材
690    @aP205@v5
690    @aD922.174@v5
711 02 @a国家测绘地理信息局@Aguo jia ce hui di li xin xi ju@b职业技能鉴定指导中心@4组织编写
711 02 @a测绘出版社@Ace hui chu ban she@4组织编写
801  0 @aCN@b北京卓展文化@c20191020
905    @b1195579-81@dP205@e296=4@f3
    
    测绘管理与法律法规/国家测绘地理信息局职业技能鉴定指导中心,测绘出版社组织编写.-4版.-北京:测绘出版社,2009
    362页;26cm
    注册测绘师资格考试辅导教材 2016版
    
    ISBN 978-7-5030-3938-6:CNY85.00
    本书为全国注册测绘师资格考试辅导教材之一,紧扣《注册测绘师资格考试大纲》,涵盖了大纲中“测绘管理与法律法规”科目的全部内容。具体内容分两篇,第一篇为测绘法律法规;第二篇为测绘项目管理。
●
相关链接 在E读中查询图书 在五车中查询图书 在当当中查询图书 在豆瓣中查询图书


正题名:测绘管理与法律法规     索取号:P205/296=4         预约/预借

序号 登录号 条形码 馆藏地/架位号 状态 备注
1 1195579   211955794   第二样本阅览室/ [索取号:P205/296=4] 在馆    
2 1195580   211955801   第三借阅区/ [索取号:P205/296=4] 在馆    
3 1195581   211955810   第三借阅区/ [索取号:P205/296=4] 在馆    
唐山师范学院图书馆 欢迎您!
大连网信软件有限公司© 版权所有